Možnosti využitia koncepčných rámcov pre oblasť IT Governance pri budovaní bezpečnostnej politiky IS/IT v malých a stredných podnikoch SR

Charakteristika IT Governance. Čo je ITIL - Information Technology Infrastructure Library a na čo slúži. COBIT - Control Objectives for Information and Related Technology. Prieskum zameraný na využívanie medzinárodných štandardov a noriem pri budovaní bezpečnostnej politiky v organizácii, ochranu in...

Ausführliche Beschreibung

Gespeichert in:
Bibliographische Detailangaben
1. Verfasser: Beláňová, Benita, 1973-
Format: Buchkapitel
Sprache:Slowakisch
Schlagworte:
Tags: Tag hinzufügen
Keine Tags, Fügen Sie das erste Tag hinzu!

MARC

LEADER 00000naa$a2200000$$$4500
001 0262437
005 20240502074155.6
041 0 |a slo 
044 |a SK 
245 1 0 |a Možnosti využitia koncepčných rámcov pre oblasť IT Governance pri budovaní bezpečnostnej politiky IS/IT v malých a stredných podnikoch SR  |c Benita Beláňová 
520 |a Charakteristika IT Governance. Čo je ITIL - Information Technology Infrastructure Library a na čo slúži. COBIT - Control Objectives for Information and Related Technology. Prieskum zameraný na využívanie medzinárodných štandardov a noriem pri budovaní bezpečnostnej politiky v organizácii, ochranu informačných systémov malých a stredných podnikov, používanie niektorého z koncepčných rámcov IT Governance. Výsledky prieskumu. 
610 2 0 |a podnik malý 
610 2 0 |a podnik stredný 
610 2 0 |a technológie informačné 
610 2 0 |a systémy informačné 
610 2 0 |a bezpečnosť informačná 
610 2 0 |a Slovensko 
100 1 |a Beláňová, Benita, 1973-